=LDR 00000nam 2200000 4500 =001 INLIS000000000810040 =005 20251009092722 =035 ##$$a 0010-1025000023 =007 ta =008 251009###########################0###### =020 ##$$a 978-602-8489-09-6 =082 ##$$a 745. =084 ##$$a 745.5 BAG a =245 ##$$a Aneka Kreasi Dari Bambu /$c Bagas Shinugi =260 ##$:$b Klaten : PT Intan Sejati., 2009 =300 ##$; $c 52 cm; illus